| 000 | 003650000a22001450004500 | ||
|---|---|---|---|
| 060 | _a100 | ||
| 082 | _a620.004 ROA | ||
| 100 | _aRoadstrum, W.H. | ||
| 245 | _aExcellence in engineering | ||
| 260 | _aNewYork, John Wiley & Sons INC | ||
| 260 | _c1967 | ||
| 300 | _a247 | ||
| 650 | _aEngineering - excellence/ research - development - engineering | ||
| 942 | _cBK | ||
| 999 |
_c348564 _d348564 |
||